000 00470cam a2200145 4500500
005 20260322001332.0
041 _afre
042 _adc
100 1 0 _aGazalé, Olivia
_eauthor
245 0 0 _a« Le moi est haïssable » Blaise Pascal
260 _c2007.
500 _a65
786 0 _nPhilosophie magazine | 8 | 4 | 2007-04-01 | p. 24-24 | 1951-1787
856 4 1 _uhttps://shs.cairn.info/magazine-philosophie-magazine-2007-4-page-24?lang=fr&redirect-ssocas=7080
999 _c1713898
_d1713898